Statistics for Element quiz 60

Click here to take the quiz!

General Stats

  • This quiz has been taken 7 times
  • The average score is 46 of 60

Answer Stats

Answer% Correct
HeHelium
100%
IIodine
100%
MgMagnesium
100%
NeNeon
100%
NaSodium
100%
WTungsten
100%
AmAmericium
86%
ArArgon
86%
BaBarium
86%
BiBismuth
86%
BBoron
86%
CaCalcium
86%
CCarbon
86%
ClChlorine
86%
CoCobalt
86%
CuCopper
86%
FFluorine
86%
GeGermanium
86%
AuGold
86%
HHydrogen
86%
FeIron
86%
KrKrypton
86%
PbLead
86%
LiLithium
86%
NNitrogen
86%
OOxygen
86%
PPhosphorus
86%
KPotassium
86%
RnRadon
86%
SeSelenium
86%
SiSilicon
86%
AgSilver
86%
UUranium
86%
XeXenon
86%
ZnZinc
86%
AlAluminum
71%
BeBeryllium
71%
BrBromine
71%
FrFrancium
71%
GaGallium
71%
MnManganese
71%
HgMercury
71%
PtPlatinum
71%
RbRubidium
71%
SnTin
71%
TiTitanium
71%
SbAntimony
57%
CdCadmium
57%
CrChromium
57%
InIndium
57%
NiNickel
57%
PuPlutonium
57%
RaRadium
57%
SSulfur
57%
VVanadium
57%
AsArsenic
43%
MoMolybdenum
43%
SrStrontium
43%
TcTechnetium
43%
ScScandium
14%

Score Distribution

Percentile by Number Answered

Percent of People with Each Score

Your Score History

You have not taken this quiz